000 00320nac a2200097zu 4500
008 260114s1982 mx a|||br|||| 001 0 spa d
245 _a10 MÍ PRIMER ENCICLOPEDIA
_bEL MUNDO MÁGICO DE LOS NIÑOS
260 _aMÉXICO:
_bEDITORIAL DIANA
_bEDITORIAL ORIGEN
_c1982
300 _a136 páginas;
_c26.5 X 17.8 cm
942 _2ddc
_cBKN
999 _c68484
_d68484